Olavi Uusivirta kaikki kappaleet - Statistics

Yleistilastot
  • Tätä visaa on pelattu 48 kertaa
  • Keskiarvotulos 48 / 112
Vastaustilastot
Albumi Julkaisuvuosi Vastaus % Oikein
Me ei kuolla koskaan 2005 Me ei kuolla koskaan
100%
Olavi 2016 Kultaa hiuksissa
93%
Me ei kuolla koskaan 2005 On Niin Helppoo Olla Onnellinen
87%
Ikuiset lapset 2014 Ollaanko tämä kesä näin?
80%
Minä olen hullu 2008 Minä olen hullu
73%
Olavi 2016 Toton Africa (Tuomo)
73%
Single 2020 2020 (Anna Puu)
67%
Elvis istuu oikealla 2012 Elvis istuu oikealla
67%
Skorpioni 2019 E=mc²
67%
Ikuiset lapset 2014 Kauneus sekoittaa mun pään
67%
Single 2011 Nuori ja kaunis (Anna Järvinen)
67%
Elvis istuu oikealla 2012 Nuoruus
67%
Single 2023 Viimeinen tanssi (Behm)
67%
Skorpioni 2019 Ehkä sun on pakko mennä
60%
Elvis istuu oikealla 2012 Kaiken jälkeen olet kaunis
60%
27 Suosikkia 2013 Minä tahdon ponin
60%
Preeria 2010 Nukketalo palaa
60%
Preeria 2010 Preeria
60%
Nuoruustango 2003 Raivo härkä
60%
Pieni kuolema 2022 Hilma af Klint
53%
Minä olen hullu 2008 Huomenna hän tulee
53%
Me ei kuolla koskaan 2005 Irrallaan
53%
Pieni kuolema 2022 Kielletty leikki
53%
Ikuiset lapset 2014 Mannerlaatat
53%
Pieni kuolema 2022 Pupu
53%
Minä olen hullu 2008 Ukonlintu ja virvaliekki
53%
Ikuiset lapset 2014 Auttakaa!
47%
Me ei kuolla koskaan 2005 Betonikaupunki
47%
Ikuiset lapset 2014 En tiedä mitä menetän jos jään
47%
Me ei kuolla koskaan 2005 Hautalaulu
47%
Skorpioni 2019 Kesäyön Uni
47%
Minä olen hullu 2008 Löysäläisen laulu
47%
Me ei kuolla koskaan 2005 Niin kuin eilenkin
47%
Elvis istuu oikealla 2012 Oodi ilolle
47%
Ikuiset lapset 2014 Paperisiivet
47%
27 Suosikkia 2013 Pimeä tie, mukavaa matkaa(Paula Vesala)
47%
Elvis istuu oikealla 2012 Reeperbahn
47%
Preeria 2010 Sinä elät yksin
47%
Nuoruustango 2003 Sininen huvimaja
47%
Elvis istuu oikealla 2012 Sokea perhonen
47%
Skorpioni 2019 Sudenkorento
47%
Preeria 2010 Sydänmaa
47%
Minä olen hullu 2008 Synnyin tappamaan
47%
Olavi 2016 Tanssit Vaikka Et Osaa
47%
27 Suosikkia 2013 Tiet etäisyyksiin
47%
Minä olen hullu 2008 Viimeinen kesä
47%
Minä olen hullu 2008 6:06
40%
Single 2023 Ennen kuin tää maailma loppuu(Don't You Ever Leave Me)
40%
Nuoruustango 2003 Jatsikansa tulee
40%
Olavi 2016 Kolumbus
40%
Skorpioni 2019 Lastenhuone
40%
Minä olen hullu(10-vuotisjuhlapainos) 2018 Maria
40%
Preeria 2010 Nero
40%
27 Suosikkia 2013 Päiväperho
40%
Single 2015 Rakastajat
40%
Me ei kuolla koskaan 2005 Rakkausrunoja
40%
Minä olen hullu 2008 Sininen kukka
40%
Olavi 2016 Tahdonko Kuitenkin Sut Takaisin?
40%
Preeria 2010 Uni
40%
Skorpioni 2019 Waterloo
40%
Pieni kuolema 2022 White Christmas
40%
Ikuiset lapset 2014 360°
33%
Me ei kuolla koskaan 2005 Aina siellä
33%
Pieni kuolema 2022 Älä päästä mua menemään
33%
Me ei kuolla koskaan 2005 Ala vetää
33%
Elvis istuu oikealla 2012 Auringon lapsi
33%
Preeria 2010 Ave Maria!
33%
Nuoruustango 2003 Ei mitään koskaan ollutkaan
33%
Preeria 2010 Erika
33%
Pieni kuolema 2022 Fontainebleau
33%
Ikuiset lapset 2014 Glorian koti
33%
Single 2015 Hän laulaa kuin kuolisi huomenna
33%
Ikuiset lapset 2014 Hei hei
33%
Olavi 2016 Herää, Kaunokaiseni!
33%
Skorpioni 2019 Huhuu
33%
Preeria 2010 Jenni
33%
Pieni kuolema 2022 Kun hiljaisuus oli kultaa
33%
Skorpioni 2019 Laula, tyttö
33%
Me ei kuolla koskaan 2005 Laululilja
33%
Nuoruustango 2003 Lucifer
33%
27 Suosikkia 2013 Metsänpoika
33%
Skorpioni 2019 Miten mulla meni
33%
Nuoruustango 2003 Musta tulee kuningas
33%
Pieni kuolema 2022 Naapurinpoika
33%
Elvis istuu oikealla 2012 Ne toiset
33%
Me ei kuolla koskaan 2005 Nyt kun kuljet ympärilläni
33%
Preeria 2010 Puberteetti
33%
Ikuiset lapset 2014 Rakkautta ilmassa
33%
Me ei kuolla koskaan 2005 Sä et tiedä mitään
33%
Minä olen hullu 2008 Salmisaaren Salome
33%
Single 2018 Sä Teit Tän Laulun (Yona)
33%
Minä olen hullu 2008 Sunnuntailapsi
33%
Ikuiset lapset 2014 Tiedän miten tulta tehdään(Anna Puu)
33%
Olavi 2016 Toinen
33%
27 Suosikkia 2013 Tuhat vuotta sitten(Pauliina Kokkonen)
33%
Minä olen hullu 2008 Tyhjiä sanoja
33%
Skorpioni 2019 Valtakunta
33%
Nuoruustango 2003 Jään
27%
Elvis istuu oikealla 2012 Juoksepoistyttö
27%
Minä olen hullu (10-vuotisjuhlapainos) 2018 Kaikki on hetken tässä
27%
Pieni kuolema 2022 Kun elokuun sininen vaihtuu mustaan
27%
Preeria 2010 Kuollut kaupunki
27%
Nuoruustango 2003 Lapsuuden loppu
27%
Nuoruustango 2003 Mikael
27%
Pieni kuolema 2022 Paratiisi saa odottaa
27%
Olavi 2016 Syntymäpäivä
27%
Olavi 2016 Tervetuloa
27%
Preeria 2010 UMW 846
27%
Elvis istuu oikealla 2012 Vien sut täältä pois
27%
Nuoruustango 2003 Viiden pennin Narkissos
27%
Pieni kuolema 2022 Menköön tämä elämä näin
20%
Olavi 2016 Olet Elossa
20%
Ehtoja vastaavia visoja ei löytynyt
Tulosjakauma
Jokaisen tuloksen saaneiden osuus
Persentiili vastausten määrän mukaan
Tuloshistoriasi
Et ole pelannut tätä visaa